MARC

LEADER 00000nam0a2200000 4500
001 256845
005 20231101233141.0
035 |a (RuTPU)RU\TPU\book\279588 
090 |a 256845 
100 |a 20140411d1974 m y0rusy50 ca 
101 0 |a rus 
102 |a UA 
105 |a y j 000zy 
200 1 |a Конкурсные задачи по химии  |e в помощь поступающим в вузы  |f И. П. Середа 
210 |a Киев  |c Вища школа  |d 1974 
215 |a 208 с. 
606 1 |a Химия  |2 stltpush  |3 (RuTPU)RU\TPU\subj\17362  |9 43035 
610 1 |a учебные пособия 
610 1 |a задачи 
610 1 |a химические уравнения 
610 1 |a химические реакции 
610 1 |a химический эквивалент 
610 1 |a молекулярная масса 
610 1 |a окислительно-восстановительные реакции 
610 1 |a химические растворы 
610 1 |a смеси 
610 1 |a электролиз 
610 1 |a химическое равновесие 
675 |a 54(076)  |v 3 
700 1 |a Середа  |b И. П.  |g Иван Петрович 
801 1 |a RU  |b 63413507  |c 20140411 
801 2 |a RU  |b 63413507  |c 20140429  |g RCR 
942 |c BK